| 000 | 01007nas a2200289 4500 | ||
|---|---|---|---|
| 001 | BR8101195 | ||
| 003 | BR-BrBNA | ||
| 005 | 20231205084543.0 | ||
| 007 | ta | ||
| 008 | 230509b bl.|||p| |||| 00| 00por d | ||
| 040 |
_aBR-BrBNA _bpor _cBiblioteca Nacional de Agricultura |
||
| 041 | _a(Pt) | ||
| 072 | _aF22 | ||
| 100 | 1 | _aNunes, M.R. | |
| 100 | 1 | _aVelloso, A.C.X. | |
| 100 | 1 | _aLeal, J.R. | |
| 245 | 1 |
_aEfeito da vinhaca nos cations trocaveis e outros elementos quimicos do solo [Rio de Janeiro; Brasil] _bParte de tese |
|
| 246 | 1 |
_aEffect of land disposal of stillage on exchangeable cations and other nutrients in the soil [Rio de Janeiro; Brazil] _b[Part of thesis] |
|
| 650 | _aQuimica do solo | ||
| 650 | _aVinhaca | ||
| 650 | _aCation | ||
| 650 | _aAnalise quimica | ||
| 650 | _aRio de Janeiro | ||
| 773 | 0 |
_tPesquisa Agropecuaria Brasileira (Brazil) _xISSN 0100-204X _g(Mar 1981), v. 16(2) p. 171-176 _wBR8101195 |
|
| 909 |
_a202311 _bLúcia _c55 _dLúcia Elande |
||
| 942 |
_2AGRIS _n0 _cANA |
||
| 999 |
_c105886 _d105886 |
||